The witch doctors : (Record no. 18038)
[ view plain ]
| 000 -LEADER | |
|---|---|
| fixed length control field | 00945 am a2200289ua 4500 |
| 001 - CONTROL NUMBER | |
| control field | 012627379 |
| 005 - DATE AND TIME OF LATEST TRANSACTION | |
| control field | 20140302114040.0 |
| 008 - FIXED-LENGTH DATA ELEMENTS--GENERAL INFORMATION | |
| fixed length control field | 961216r19961997xxk grb2 001 0 eng d |
| 020 ## - INTERNATIONAL STANDARD BOOK NUMBER | |
| International Standard Book Number | 0434002828 (cased) |
| 020 ## - INTERNATIONAL STANDARD BOOK NUMBER | |
| International Standard Book Number | 043400426X (pbk) |
| 020 ## - INTERNATIONAL STANDARD BOOK NUMBER | |
| International Standard Book Number | 9780434002825 |
| 040 ## - CATALOGING SOURCE | |
| Original cataloging agency | WlAbNL |
| Modifying agency | Uk |
| 082 04 - DEWEY DECIMAL CLASSIFICATION NUMBER | |
| Classification number | 658.001 |
| Edition number | 22 |
| Item number | MIC |
| 100 1# - MAIN ENTRY--PERSONAL NAME | |
| Personal name | Micklethwait, John |
| 9 (RLIN) | 35091 |
| 245 14 - TITLE STATEMENT | |
| Title | The witch doctors : |
| Remainder of title | what the management gurus are saying, why it matters and how to make sense of it / |
| Statement of responsibility, etc | John Micklethwait, Adrian Wooldridge. |
| 250 ## - EDITION STATEMENT | |
| Edition statement | 1st ed., |
| Remainder of edition statement | reprinted. |
| 260 ## - PUBLICATION, DISTRIBUTION, ETC. (IMPRINT) | |
| Place of publication, distribution, etc | London : |
| Name of publisher, distributor, etc | Heinemann, |
| Date of publication, distribution, etc | 1996. |
| 300 ## - PHYSICAL DESCRIPTION | |
| Extent | 404 p. ; |
| Dimensions | 25 cm. |
| 500 ## - GENERAL NOTE | |
| General note | Index : p. 395-404. |
| 500 ## - GENERAL NOTE | |
| General note | Reprint of the 1996 ed. |
| 504 ## - BIBLIOGRAPHY, ETC. NOTE | |
| Bibliography, etc | Bibliography : p. 387-393. |
| 650 #0 - SUBJECT ADDED ENTRY--TOPICAL TERM | |
| Topical term or geographic name as entry element | Management |
| General subdivision | Philosophy |
| 9 (RLIN) | 35092 |
| 653 ## - INDEX TERM--UNCONTROLLED | |
| Resource For college | BAEPS, Business Administration |
| Arrived date list | February2014 |
| 655 ## - INDEX TERM--GENRE/FORM | |
| Form subdivision | |
| -- | 34232 |
| 700 1# - ADDED ENTRY--PERSONAL NAME | |
| Personal name | Wooldridge, Adrian |
| 9 (RLIN) | 35093 |
| 942 ## - ADDED ENTRY ELEMENTS (KOHA) | |
| Source of classification or shelving scheme | Dewey Decimal Classification |
| Call number prefix | 658.001 MIC |
| Withdrawn status | Item status | Source of classification or shelving scheme | Damaged status | Not for loan | Vendor | Home library | Current library | Shelving location | Date acquired | Source of acquisition | Total Checkouts | Full call number | Barcode | Date last seen | Date last borrowed | Koha item type |
|---|---|---|---|---|---|---|---|---|---|---|---|---|---|---|---|---|
| Dewey Decimal Classification | Baccah | Central Library | Central Library | First floor | 05/02/2014 | Donation | 1 | 658.001 MIC | 000035592 | 15/07/2025 | 30/09/2019 | Book - Borrowing |